El otro sendero : la revolución informal.

Сохранить в:
Библиографические подробности
Главный автор: Soto, Hernando de (autor)
Другие авторы: Ghersi, Enrique (autor) (autor), Ghilellini, Mario (autor) (autor)
Формат:
Язык:испанский
Предметы:
Метки: Добавить метку
Нет меток, Требуется 1-ая метка записи!

MARC

LEADER 00000cam^a2200000uu^4500
001 000479968
005 20250521000000.0
008 050901s1987^^^^^^^^^^^^rd^r^^000^0^spa^d
009 20260310124950.913
022 |a 9681317696 
035 |a FCE 000022975 
035 |a FCE 004154 
037 |a Acervo ITESO - Biblioteca 
041 |a spa 
082 0 4 |a 330  |b DES 
100 |a Soto, Hernando de  |e (autor) 
245 1 3 |a El otro sendero :  |b la revolución informal. 
264 |a México :  |b Diana,  |c 1987. 
300 |a 317 p. 
336 |a texto  |b txt  |2 rdacontenido 
337 |a sin mediación  |b n  |2 rdamedio 
338 |a volumen  |b nc  |2 rdasoporte 
649 |a XX 
650 |a Estadísticas 
650 |a Macroeconomía 
650 |a Economía Informal 
700 |a Ghersi, Enrique  |e (autor) 
700 |a Ghilellini, Mario  |e (autor) 
910 |a Fondo Centro de Estudios Educativos 
920 |a Impresos - Libros 
930 |a Fondos Especiales 
905 |a 133 
901 |a ALE004154  |b IT2  |c CEE  |u 20250521 
902 |a https://opac.biblio.iteso.mx/vufind/Record/000479968